All Incorporated Municipalities of Rhode Island - Statistics

General Stats
  • This quiz has been taken 6 times
  • The average score is 22 of 39
Answer Stats
Hint Answer % Correct
Bristol Bristol
100%
Providence Central Falls
100%
Providence East Providence
100%
Newport Newport
100%
Providence North Providence
100%
Providence Providence
100%
Kent Warwick
100%
Providence Woonsocket
100%
Providence Cranston
80%
Providence Cumberland
80%
Kent East Greenwich
80%
Providence Lincoln
80%
Providence Pawtucket
80%
Washington Westerly
80%
Kent West Warwick
80%
Kent Coventry
60%
Providence Johnston
60%
Washington North Kingstown
60%
Providence Scituate
60%
Washington South Kingstown
60%
Washington Exeter
40%
Providence Glocester
40%
Newport Jamestown
40%
Newport Middletown
40%
Washington Narragansett
40%
Washington New Shoreham
40%
Newport Portsmouth
40%
Providence Smithfield
40%
Newport Tiverton
40%
Kent West Greenwich
40%
Bristol Barrington
20%
Providence Burrillville
20%
Washington Charlestown
20%
Providence Foster
20%
Washington Hopkinton
20%
Newport Little Compton
20%
Providence North Smithfield
20%
Washington Richmond
20%
Bristol Warren
20%
No matching quizzes found
Score Distribution
Percent of People with Each Score
Percentile by Number Answered
Your Score History
You have not taken this quiz